Teams That Have Won England's First, Second and Third Divisions - Statistics

General Stats
  • This quiz has been taken 1,058 times
  • The average score is 8 of 12
Answer Stats
Clubs % Correct
Aston Villa
76%
Blackburn Rovers
75%
Leicester City
72%
Ipswich Town
68%
Nottingham Forest
68%
Sunderland
68%
Preston North End
66%
Wolverhampton Wanderers
66%
Derby County
62%
Burnley
58%
Sheffield United
58%
Portsmouth
52%
No matching quizzes found
Score Distribution
Percent of People with Each Score
Percentile by Number Answered
Your Score History
You have not taken this quiz